000 01889cam a22002174a 4500
005 20250605163946.0
008 250528s ||||||||||||||||||||||||d
035 _a15206
020 _a70073805
040 _aGR-AtMCL
_bgre
_dGR-AtMCL
_eAACR2
245 1 _aPrinciples of Corporate Finance
260 _bMcgraw Hill Book Company,
_c1981
300 _a796
505 0 _aPreface, Introduction, Why Finance Matters, Value, The Concept of Net Present Value, How to Calculate Present Values, Present Value of Bonds and Stocks, Making Investment Decisions with the Net Present Value Rule, Risk, Risk and Return, Capital Budgeting and the Capital Asset Pricing Model, Practical Problems in Capital Budgeting, Where Positive Net Present Values Come From, Financing Decisions and Market Efficiency, Corporate Financing and the Six Lessons of Market Efficiency, Dividend Policy and Capital Structure, The Dividend Controversy, Options, Debt Financing, Financial Planning, Sort-Term Financial Decisions, Mergers and International Finance and Pensions, Conclusions.
520 _aPreface, Introduction, Why Finance Matters, Value, The Concept of Net Present Value, How to Calculate Present Values, Present Value of Bonds and Stocks, Making Investment Decisions with the Net Present Value Rule, Risk, Risk and Return, Capital Budgeting and the Capital Asset Pricing Model, Practical Problems in Capital Budgeting, Where Positive Net Present Values Come From, Financing Decisions and Market Efficiency, Corporate Financing and the Six Lessons of Market Efficiency, Dividend Policy and Capital Structure, The Dividend Controversy, Options, Debt Financing, Financial Planning, Sort-Term Financial Decisions, Mergers and International Finance and Pensions, Conclusions.
700 1 _aBrealey Richard A
_91083
700 1 _aMyers Stewart C
_91085
942 _cBK
999 _c800
_d800